BIBLIOTECA

SENCICO

Simbología en instalaciones eléctricas y su aplicación / (Registro nro. 4480)

Detalles MARC
000 -LEADER
fixed length control field 01022nam a22002417a 4500
003 - CONTROL NUMBER IDENTIFIER
control field PE SENCICO BE
005 - DATE AND TIME OF LATEST TRANSACTION
control field 20251020182648.0
008 - FIXED-LENGTH DATA ELEMENTS--GENERAL INFORMATION
fixed length control field 240105b |||||||| |||| 00| 0 eng d
040 ## - CATALOGING SOURCE
Original cataloging agency PE SENCICO BE
Transcribing agency PE SENCICO BE
041 ## - LANGUAGE CODE
Language code of text/sound track or separate title spa
084 ## - OTHER CLASSIFICATION NUMBER
Classification number I
-- DIB
-- 2018
Item number C29
100 1# - MAIN ENTRY--PERSONAL NAME
9 (RLIN) 1845
Personal name Castillo Vargas, Claudio Santiago
Relator term autor
245 1# - TITLE STATEMENT
Title Simbología en instalaciones eléctricas y su aplicación /
Statement of responsibility, etc. Claudio Santiago Castillo Vargas
260 ## - PUBLICATION, DISTRIBUTION, ETC.
Place of publication, distribution, etc. Lima :
Date of publication, distribution, etc. 2018
300 ## - PHYSICAL DESCRIPTION
Extent [40] h.
Other physical details il. col. ;
Dimensions 30 cm.
502 ## - DISSERTATION NOTE
Dissertation note Monografía de Titulación.-- Servicio Nacional de Capacitación para la Industria de la Construcción. Escuela Superior Técnica. Carrera Profesional Técnica en Dibujo en Construcción Civil, 2018.
650 10 - SUBJECT ADDED ENTRY--TOPICAL TERM
9 (RLIN) 108
Topical term or geographic name entry element Instalaciones eléctricas
650 20 - SUBJECT ADDED ENTRY--TOPICAL TERM
9 (RLIN) 634
Topical term or geographic name entry element Símbolos eléctricos
650 20 - SUBJECT ADDED ENTRY--TOPICAL TERM
9 (RLIN) 336
Topical term or geographic name entry element Dibujo técnico
710 1# - ADDED ENTRY--CORPORATE NAME
Corporate name or jurisdiction name as entry element Servicio Nacional de Capacitación para la Industria de la Construcción.
Subordinate unit Escuela Superior Técnica
9 (RLIN) 1065
910 ## - USER-OPTION DATA (OCLC)
-- hfp
-- hfp
942 ## - ADDED ENTRY ELEMENTS (KOHA)
Koha item type Monografía de Titulación
Existencias
Fecha de la última vez que lo usaron Número de ingreso o de inventario Pago total Signatura topográfica completa Código de barras Precio efectivo desde Tipo de documento Estado perdido Estado dañado No es para préstamo Retirado Ubicación permanente Ubicación actual Fecha de adquisición
05/01/2024 I-00302   I/DIB/2018/C29 BibLima24010016 05/01/2024 Monografía de Titulación         Biblioteca Central Lima Biblioteca Central Lima 05/01/2024